Dekompozícia a analýza sezónnych vzorcov časových radov prietokov pre typické podhorské a vrchovino-nížinné rieky na Slovensku
Na minha lista:
| Autor principal: | |
|---|---|
| Outros Autores: | |
| Formato: | Manuscrito Livro |
| Idioma: | eslovaco inglês |
| Publicado em: |
2024
|
| Assuntos: | |
| Acesso em linha: | http://is.stuba.sk/zp/portal_zp.pl?podrobnosti=166622 https://opac.crzp.sk/?fn=detailBiblioForm&sid=E866CA411CD4E5149FB78569BB2C |
| Tags: |
Sem tags, seja o primeiro a adicionar uma tag!
|
MARC
| LEADER | 00000ntm a22000003a 4500 | ||
|---|---|---|---|
| 001 | stuzp100032 | ||
| 003 | SK-STU | ||
| 005 | 20240909101116.3 | ||
| 007 | ta | ||
| 008 | 150427s2015----xo-----f-mn---000-0-slo-d | ||
| 040 | |a STU |b slo | ||
| 041 | 0 | |a eng | |
| 100 | 1 | |a Barakat, Bshr |u 010170 |4 aut |U SvF Stavebná fakulta |T SvF Katedra hydrotechniky |X 110096 |U V170 |Y 17 |7 110096 | |
| 242 | 0 | 1 | |a Dekompozícia a analýza sezónnych vzorcov časových radov prietokov pre typické podhorské a vrchovino-nížinné rieky na Slovensku |y slo |
| 245 | 1 | 0 | |a Dekompozícia a analýza sezónnych vzorcov časových radov prietokov pre typické podhorské a vrchovino-nížinné rieky na Slovensku |
| 260 | |c 2024 | ||
| 650 | 4 | |a zmena klímy |2 slo | |
| 650 | 4 | |a manažment vodných zdrojov |2 slo | |
| 650 | 4 | |a klasifikácia sucha |2 slo | |
| 650 | 4 | |a analýza časových radov |2 slo | |
| 650 | 4 | |a analýza sezónnosti |2 slo | |
| 650 | 4 | |a Drought classification |2 eng | |
| 650 | 4 | |a Climate change |2 eng | |
| 650 | 4 | |a Seasonality analysis |2 eng | |
| 650 | 4 | |a Time series analysis |2 eng | |
| 650 | 4 | |a Water resource management |2 eng | |
| 700 | 1 | |a Almikaeel, Wael |u 010170 |k Z3 |4 ths |U SvF Stavebná fakulta |T SvF Katedra hydrotechniky |X 105584 |U V170 |Y 17 |7 105584 | |
| 856 | 4 | |u http://is.stuba.sk/zp/portal_zp.pl?podrobnosti=166622 | |
| 856 | 4 | |u https://opac.crzp.sk/?fn=detailBiblioForm&sid=E866CA411CD4E5149FB78569BB2C | |